Parque Nacional Natural Utría (Registro nro. 20776)

Detalles MARC
000 -CABECERA
Campo de control 00820nam a22002057a 4500
005 - FECHA Y HORA DE LA ULTIMA TRANSACCION
Campo de control 20200130114918.0
008 - ELEMENTOS DE LONGITUD FIJA—INFORMACION GENERAL
Campo de control 200130b xxu||||| |||| 00| 0 spa d
040 ## - FUENTE DE CATALOGACIÓN
Agencia catalogadora original CO-BoIAVH
Agencia transcriptora CO-BoIAVH
041 ## - IDIOMA
Código de idioma para texto/pista de sonido o título separado Español
044 ## - PAÍS DE PUBLICACIÓN
País de publicación Colombia
110 ## - ASIENTO PRINCIPAL--NOMBRE CORPORATIVO
9 (RLIN) 63934
Nombre corporativo o de jurisdicción como elemento de entrada Parques Nacionales Naturales de Colombia
245 ## - MENCION DE TITULO
Título Parque Nacional Natural Utría
Mención de responsabilidad Parques Nacionales Naturales de Colombia
260 ## - PUBLICACION, DISTRIBUCION, ETC. (PIE DE IMPRENTA)
Lugar de publicación, distribución, etc. s.l:
Nombre del editor, distribuidor, etc. Parques Nacionales Naturales de Colombia,
-- Embajada Real de los Países Bajos,
-- Corporación para la protección ambiental, cultural y el ordenamiento territorial,
Fecha de publicación, distribución, etc. s.f.
300 ## - DESCRIPCION FISICA
Extensión 52 páginas,
Otros detalles físicos Ilustraciones
Dimensiones 21 x 21 cm
650 #0 - ASIENTO SECUNDARIO DE MATERIA - TERMINO TEMATICO
9 (RLIN) 102473
Término temático o nombre geográfico como elemento de entrada Selva húmeda tropical
650 #0 - ASIENTO SECUNDARIO DE MATERIA - TERMINO TEMATICO
9 (RLIN) 101931
Término temático o nombre geográfico como elemento de entrada Zonas marino-costeras
650 #0 - ASIENTO SECUNDARIO DE MATERIA - TERMINO TEMATICO
9 (RLIN) 30984
Término temático o nombre geográfico como elemento de entrada Conservación de ecosistemas
651 ## - ASIENTO SECUNDARIO DE MATERIA - NOMBRE GEOGRAFICO
Nombre geográfico Chocó
9 (RLIN) 102474
942 ## - ELEMENTOS ADICIONALES (KOHA)
Sistema de clasificación Local
Tipo de ítem Folleto
Existencias
Withdrawn status Lost status Sistema de Clasificación Damaged status No para préstamo Colección Ubicación Permanente Ubicación actual Fecha de adquisición Total Checkouts Número topográfico Inventario / Código de Barras Date last seen Ejemplar Price effective from Forma de adquisición Tipo de material
    Local     Hemeroteca Bogotá Bogotá 30/01/2020   FG-0422 034626 30/01/2020 Ej. 1 30/01/2020 Donación Folleto